Statistiques concernant Nommez un chef de gouvernement pour chaque président Français

Cliquez ici pour prendre le quiz!

Statistiques générales

  • Ce quiz a été pris 84 fois
  • Le résultat moyen est 15 sur 25

Statistiques - réponses

RépubliquePrésident de la républiqueChef de Gouvernement% Correct
VFrançois MitterrandPierre Mauroy | Laurent Fabius | Jacques Chirac | Michel Rocard | Edith Cresson | Pierre Bérégovoy | Edouard Balladur
99%
VCharles de GaulleMichel Debré | Georges Pompidou | Maurice Couve de Murville
93%
VJacques ChiracAlain Juppé | Lionel Jospin | Jean-Pierre Raffarin | Dominique de Villepin
92%
VEmmanuel MacronEdouard Philippe | Jean Castex | Elisabeth Borne
92%
VValéry Giscard d'EstaingJacques Chirac | Raymond Barre
92%
VFrançois HollandeJean-Marc Ayrault | Manuel Valls | Bernard Cazeneuve
90%
VNicolas SarkozyFrançois Fillon
83%
IIIArmand FallièresMaurice Rouvier | Ferdinand Sarrien | Georges Clémenceau | Aristide Briand | Ernest Monis | Joseph Caillaux | Raymond Poincaré
82%
IIIRaymond PoincaréAristide Briand | Louis Barthou | Gaston Doumergue | Alexandre Ribot | René Viviani | Paul Painlevé | Georges Clémenceau | Alexandre Millerand
79%
IVRené CotyJoseph Laniel | Pierre Mendès France | Edgar Faure | Guy Mollet | Maurice Bourgès-Maunoury | Félix Gaillard | Pierre Pflimlin | Charles de Gaulle
79%
IIIAlbert LebrunÉdouard Herriot | Joseph Paul-Boncour | Édouard Daladier | Albert Sarraut | Camille Chautemps | Gaston Doumergue | Pierre-Étienne Flandin | Fernand Bouisson | Pierre Laval | Léon Blum | Paul Reynaud | Philippe Pétain
78%
IIIGaston DoumergueÉdouard Herriot | Paul Painlevé | Aristide Briand | Raymond Poincaré | André Tardieu | Camille Chautemps | Théodore Steeg |Pierre Laval
71%
IIIAlexandre MillerandGeorges Leygues| Aristide Briand | Raymond Poincaré | Frédéric François-Marsal
68%
IVVincent AuriolPaul Ramadier | Robert Schuman | André Marie | Henri Queuille | Georges Bidault | René Pleven | Edgar Faure | Antoine Pinay | René Mayer | Joseph Laniel
65%
VGeorges PompidouJacques Chaban-Delmas | Pierre Messmer
60%
IIIJules GrévyWilliam Waddington | Charles de Freycinet | Jules Ferry | Léon Gambetta | Charles Duclerc | Armand Fallières | Henri Brisson | René Goblet | Maurice Rouvier
58%
IIISadi CarnotCharles Dupuy | Jean Casimir-Perier | Alexandre Ribot | Émile Loubet | Charles de Freycinet | Pierre Tirard | Charles Floquet
51%
IIIPaul DeschanelAlexandre Millerand
38%
IIIPaul DoumerPierre Laval | André Tardieu
38%
IIIEmile LoubetCharles Dupuy | Pierre Waldeck-Rousseau | Émile Combes | Maurice Rouvier
31%
IIIFélix FaureAlexandre Ribot | Léon Bourgeois | Jules Méline | Henri Brisson | Charles Dupuy
25%
IIIJean Casimir-PerierCharles Dupuy
21%
IIIPatrice de Mac MahonAlbert de Broglie | Ernest Courtot de Cissey | Louis Buffet | Jules Dufaure | Jules Simon | Gaëtan de Rochebouët
14%
IILouis-Napoléon BonaparteOdilon Barrot | Alphonse Henri d'Hautpoul | Léon Faucher |Louis-Napoléon Bonaparte
13%
IIIAdolphe ThiersJules Dufaure
3%

Distribution des résultats

Percentile par nombre de réponses

% des personnes avec chaque résultat

Votre développement - résultats

Vous n’avez pas pris ce quiz